| 000 | 01905nam 22002173 4500 | ||
|---|---|---|---|
| 001 | 199388 | ||
| 010 | _a978-989-581-389-6 | ||
| 021 | _b543708/25 | ||
| 090 | _a199388 | ||
| 100 | _a20251204d u||y0pory50 ba | ||
| 200 |
_aA cidade e as suas muralhas incertas _fHaruki Murakami _gtradução Maria João Lourenço (a partir do inglês), Inês Rocha Silva (a partir do japonês) |
||
| 205 | _a1ª | ||
| 210 |
_aLisboa _cCasa das Letras _d2025 |
||
| 215 |
_a555 p. _cbrochado _d23 cm |
||
| 330 | _aMal imagina o protagonista que a rapariga por quem se apaixonou está prestes a levar sumiço. Nos breves encontros entre os dois, sentados à sombra das glicínias ou passeando pela margem do rio, a jovem revela ao rapaz a existência de uma misteriosa cidade rodeada de uma alta muralha, situada num outro mundo. Se um dia quiser reencontrá-la e conhecer o seu verdadeiro eu, ele terá de o desejar com todas as suas forças e abdicar de parte de si. Chegado o outono, o rapaz recebe uma última carta, o prenúncio de uma despedida, e ela desaparece do mapa, como que por magia. Perdido de amores, apodera-se do rapaz uma tristeza sem fim, mas eis que se decide, investido de um verdadeiro espírito de peregrinação, procurar a elusiva via de acesso à cidade, na esperança de reencontrar a amada. Finalmente diante do portão, tem de prescindir da sua sombra e é-lhe atribuída a função de leitor de sonhos numa biblioteca sui generis, que não alberga nem um livro para amostra. Afinal, a cidade tal como ela a descreveu existe, e tudo é possível nesse assombroso universo paralelo, onde a realidade, a identidade, os sonhos e as sombras pairam e escapam aos limites rígidos e implacáveis da lógica. | ||
| 606 |
_91701 _aLiteratura Japonesa |
||
| 675 |
_a821.521-3 _vPT _zpor |
||
| 700 |
_91702 _aMurakami _bHaruki _f1949- |
||
| 801 |
_aPT _bBMMN _gRPC |
||
| 830 |
_cFernando _fFernando |
||
| 990 | _cLIVROS | ||